| 000 | 00882nam a22002297a 4500 | ||
|---|---|---|---|
| 001 | 41447 | ||
| 003 | BD-RjUL | ||
| 005 | 20211209053405.0 | ||
| 008 | 160530s1960 ii ||||| |||| 00| 0 ben d | ||
| 020 | _c: IRs 2.50 | ||
| 035 | _a(BD-RjUL)41565 | ||
| 040 |
_aBD-RjUL _bben _cBD-RjUL |
||
| 041 | _aben | ||
| 082 |
_223 _a891.4409 _bSEB 1960 |
||
| 100 |
_aসেন, যামিনীকান্ত _9127403 |
||
| 245 | 1 | 0 |
_aবাংলার রুপরস সাধনা / _cযামিনীকান্ত সেন |
| 260 |
_aকলিকাতা : _bমিত্রবিহার, _c১৯৬০ |
||
| 300 |
_a[১২], ৭৬ পৃ. ; _c২১ সেমি . |
||
| 650 |
_aবাংলা সাহিত্য _xইতিহাস ও সমালোচনা _9127404 |
||
| 650 |
_aBengali Literature _xHistory & Criticism _9127405 |
||
| 942 |
_2ddc _cBK |
||
| 999 |
_c41447 _d41447 |
||